| 000 | 00526nam a2200193Ia 4500 | ||
|---|---|---|---|
| 005 | 20240822060335.0 | ||
| 008 | 240331s9999 xx 000 0 und d | ||
| 020 | _a906832716X | ||
| 082 |
_bBUR _a616 |
||
| 100 | _aBurathoki, K. | ||
| 245 | 0 |
_aGender,leprosy and leprosy control : _ba case study in the Far west and eastern development regions, Nepal |
|
| 260 |
_aAmsterdam _bKIT Publishers _c2004 |
||
| 300 | _a120 p ., | ||
| 650 | _aGender | ||
| 650 | _aCultural | ||
| 650 | _aWomen | ||
| 650 | _aEconomic | ||
| 942 | _cL | ||
| 999 |
_c3043 _d3043 |
||